Satunnaisia yhdistettyjä Euroopan valtioita kartalla - Statistics

Yleistilastot
  • Tätä visaa on pelattu 3 432 kertaa
  • Keskiarvotulos 11 / 12
Vastaukset kartalla
Vastauksille on annettu kartalla punavihreä väri sen mukaan, kuinka moni on saanut sen oikein.
 
Vastaustilastot
Ryhmän nimi Valtio % Oikein
Yhdistetyt valtiot Puola
99%
Yhdistetyt valtiot Suomi
99%
Yhdistetyt valtiot Espanja
98%
Yhdistetyt valtiot Italia
98%
Yhdistetyt valtiot Ranska
98%
Yhdistetyt valtiot Saksa
98%
Yhdistetyt valtiot Saksa
98%
Yhdistetyt valtiot Suomi
98%
Yhdistetyt valtiot Suomi
98%
Yhdistetyt valtiot Ukraina
98%
Yhdistetyt valtiot Venäjä
98%
Yhdistetyt valtiot Norja
97%
Yhdistetyt valtiot Puola
97%
Yhdistetyt valtiot Puola
97%
Yhdistetyt valtiot Ranska
97%
Yhdistetyt valtiot Ranska
97%
Yhdistetyt valtiot Ruotsi
97%
Yhdistetyt valtiot Ruotsi
97%
Yhdistetyt valtiot Saksa
97%
Yhdistetyt valtiot Saksa
97%
Yhdistetyt valtiot Puola
96%
Yhdistetyt valtiot Saksa
96%
Yhdistetyt valtiot Ukraina
96%
Yhdistetyt valtiot Ukraina
96%
Yhdistetyt valtiot Italia
95%
Yhdistetyt valtiot Saksa
95%
Yhdistetyt valtiot Venäjä
95%
Yhdistetyt valtiot Venäjä
95%
Yhdistetyt valtiot Saksa
94%
Yhdistetyt valtiot Valko-Venäjä
94%
Yhdistetyt valtiot Italia
93%
Yhdistetyt valtiot Itävalta
93%
Yhdistetyt valtiot Itävalta
93%
Yhdistetyt valtiot Liettua
93%
Yhdistetyt valtiot Norja
93%
Yhdistetyt valtiot Puola
93%
Yhdistetyt valtiot Romania
93%
Yhdistetyt valtiot Ukraina
93%
Yhdistetyt valtiot Venäjä
93%
Yhdistetyt valtiot Belgia
92%
Yhdistetyt valtiot Latvia
92%
Yhdistetyt valtiot Romania
92%
Yhdistetyt valtiot Ukraina
92%
Yhdistetyt valtiot Ukraina
92%
Yhdistetyt valtiot Valko-Venäjä
92%
Yhdistetyt valtiot Espanja
91%
Yhdistetyt valtiot Itävalta
91%
Yhdistetyt valtiot Puola
91%
Yhdistetyt valtiot Ranska
91%
Yhdistetyt valtiot Serbia
91%
Yhdistetyt valtiot Slovakia
91%
Yhdistetyt valtiot Slovakia
91%
Yhdistetyt valtiot Tšekki
91%
Yhdistetyt valtiot Tšekki
91%
Yhdistetyt valtiot Tšekki
91%
Yhdistetyt valtiot Valko-Venäjä
91%
Yhdistetyt valtiot Itävalta
90%
Yhdistetyt valtiot Latvia
90%
Yhdistetyt valtiot Portugali
90%
Yhdistetyt valtiot Sveitsi
90%
Yhdistetyt valtiot Unkari
90%
Yhdistetyt valtiot Venäjä
90%
Yhdistetyt valtiot Viro
90%
Yhdistetyt valtiot Alankomaat
89%
Yhdistetyt valtiot Bulgaria
89%
Yhdistetyt valtiot Italia
89%
Yhdistetyt valtiot Itävalta
89%
Yhdistetyt valtiot Kreikka
89%
Yhdistetyt valtiot Kroatia
89%
Yhdistetyt valtiot Romania
89%
Yhdistetyt valtiot Serbia
89%
Yhdistetyt valtiot Unkari
89%
Yhdistetyt valtiot Belgia
88%
Yhdistetyt valtiot Itävalta
88%
Yhdistetyt valtiot Kroatia
88%
Yhdistetyt valtiot Romania
88%
Yhdistetyt valtiot Slovakia
88%
Yhdistetyt valtiot Slovenia
88%
Yhdistetyt valtiot Tšekki
88%
Yhdistetyt valtiot Ukraina
88%
Yhdistetyt valtiot Unkari
88%
Yhdistetyt valtiot Latvia
87%
Yhdistetyt valtiot Slovakia
87%
Yhdistetyt valtiot Valko-Venäjä
87%
Yhdistetyt valtiot Alankomaat
86%
Yhdistetyt valtiot Bulgaria
86%
Yhdistetyt valtiot Itävalta
86%
Yhdistetyt valtiot Latvia
86%
Yhdistetyt valtiot Liettua
86%
Yhdistetyt valtiot Serbia
86%
Yhdistetyt valtiot Slovakia
86%
Yhdistetyt valtiot Sveitsi
86%
Yhdistetyt valtiot Unkari
86%
Yhdistetyt valtiot Belgia
85%
Yhdistetyt valtiot Bosnia ja Hertsegovina
85%
Yhdistetyt valtiot Bosnia ja Hertsegovina
85%
Yhdistetyt valtiot Bulgaria
85%
Yhdistetyt valtiot Sveitsi
85%
Yhdistetyt valtiot Unkari
85%
Yhdistetyt valtiot Valko-Venäjä
85%
Yhdistetyt valtiot Kreikka
84%
Yhdistetyt valtiot Serbia
84%
Yhdistetyt valtiot Unkari
84%
Yhdistetyt valtiot Kreikka
83%
Yhdistetyt valtiot Liettua
83%
Yhdistetyt valtiot Moldova
83%
Yhdistetyt valtiot Viro
83%
Yhdistetyt valtiot Kroatia
82%
Yhdistetyt valtiot Ranska
82%
Yhdistetyt valtiot Romania
82%
Yhdistetyt valtiot Serbia
82%
Yhdistetyt valtiot Albania
81%
Yhdistetyt valtiot Irlanti
81%
Yhdistetyt valtiot Kroatia
81%
Yhdistetyt valtiot Yhdistynyt kuningaskunta
81%
Yhdistetyt valtiot Slovenia
79%
Yhdistetyt valtiot Slovenia
79%
Yhdistetyt valtiot Bulgaria
78%
Yhdistetyt valtiot Pohjois-Makedonia
77%
Yhdistetyt valtiot Moldova
76%
Yhdistetyt valtiot Pohjois-Makedonia
76%
Yhdistetyt valtiot Sveitsi
76%
Yhdistetyt valtiot Albania
73%
Yhdistetyt valtiot Pohjois-Makedonia
70%
Ehtoja vastaavia visoja ei löytynyt
Tulosjakauma
Jokaisen tuloksen saaneiden osuus
Persentiili vastausten määrän mukaan
Tuloshistoriasi
Et ole pelannut tätä visaa